Statistiken für Stardew Valley Bachelorkandidaten

Klicken Sie hier um das Quiz zu spielen!

Allgemein

  • Dieses Quiz wurde 14 mal gespielt
  • Das Durchschnittsergebnis liegt bei 8 aus 12

Antwortstatistiken

Bachelors% Korrekt
Alex
85%
Sam
77%
Abigail
69%
Haley
69%
Emily
62%
Harvey
62%
Leah
62%
Penny
62%
Sebastian
62%
Shane
62%
Elliott
46%
Maru
46%

Verteilung der Resultate

Perzentil nach korrekt beantworteten Fragen

Anzahl Personen mit jedem Resultat

Ihre Resultats-Entwicklung

Sie haben dieses Quiz noch nicht gespielt